000 01030cam a2200241 i 4500
999 _c58114
_d58114
001 20136700
005 20221108160443.0
008 171108s2018 njua b 001 0 eng c
020 _a9781119075455 X
041 _aeng
080 _a616.89 S-25
100 1 _aSaulnier, Celine A.,
_912084
245 1 0 _aEssentials of adaptive behavior assessment of neurodevelopmental disorders /
_cCeline A. Saulnier, Cheryl Klaiman.
264 1 _aHoboken, NJ :
_bWiley,
_c2018.
300 _a190 pages :
_billustrations ;
_c22 cm.
490 0 _aEssentials of psychological assessment series
653 _aნეიროგანვითარების დარღვევები
653 _aОсновы оценки адаптивного поведения при расстройствах нервного развития
653 _aქცევითი შეფასება
653 _aПоведенческая оценка
700 1 _aKlaiman, Cheryl
_d
_eავტორი
_912085
942 _2udc
_cBK